00703cam a2200229 a 45000010005000000030008000050050017000130080039000300350018000690400032000870410008001190820027001271000018001542450088001722500015002602600042002753000032003175040020003495050028003696500031003977100045004285626BD-RjUL20211208234111.0140106t1978 ii l 001 0 eng a(BD-RjUL)5665 aDLCcDLCdDLCdBD-RjULbeng aeng00a345.5405221bBIB 19781 aBisswas, A.R.10aB.B. Mitra on the Code of Criminal Procedure, (1973, Act 2 of 1974) /cA.R. Biswas. a15th ed. / aCalcutta :bEastern Law House,c1978. aV-1 (18, 1181p.) ;c25 cm. aIncludes index. aVol. 2 Secs. 225 to 484 0aCriminal procedurezIndia.12tCode of Criminal Procedure, 1973.f1978.